Bulletin international. (Record no. 189267)

MARC details
000 -LEADER
campo de control de longitud fija 01035nam a2200181 i 4500
001 - NÚMERO DE CONTROL
campo de control 189267
003 - IDENTIFICADOR DE NÚMERO DE CONTROL
campo de control ES-MaACL
005 - FECHA Y HORA DE LA ÚLTIMA TRANSACCIÓN
campo de control 20230906223431.0
008 - DATOS DE LONGITUD FIJA--INFORMACIÓN GENERAL
campo de control de longitud fija 190516q1874 fr |||| | fre d
245 00 - MENCIÓN DEL TÍTULO
Título Bulletin international.
260 ## - PUBLICACIÓN, DISTRIBUCIÓN, ETC.
Lugar de publicación, distribución, etc. [Paris :
Nombre del editor, distribuidor, etc. Bulletin International,
Fecha de publicación, distribución, etc. 1874?]
300 ## - DESCRIPCIÓN FÍSICA
Extensión P. 57-72 ;
Dimensiones 22 cm.
505 8# - NOTA DE CONTENIDO CON FORMATO
Nota de contenido con formato Contiene: ;
Título Belgique: Modifications au régimen alimentaire des condamnés: Circulaire du Ministère de la Justice... 7 nov. 1874 /
Mención de responsabilidad T. de Lantsheere, Fromont. --
Título France. Direction de l'Administration Pénitentiaire: Grâces pour l'année 1874: Circulaire... /
Mención de responsabilidad J. Jaillant. --
Título Italie... 16 sep. 1874: Ecoles pour les détenus dans les prisons: Circulaire... /
Mención de responsabilidad G. Cantell
650 #4 - PUNTO DE ACCESO ADICIONAL DE MATERIA--TÉRMINO DE MATERIA
Término de materia o nombre geográfico como elemento de entrada Establecimientos penitenciarios-
Subdivisión geográfica Bélgica.
9 (RLIN) 143325
650 #4 - PUNTO DE ACCESO ADICIONAL DE MATERIA--TÉRMINO DE MATERIA
Término de materia o nombre geográfico como elemento de entrada Establecimientos penitenciarios-
Subdivisión geográfica Francia.
9 (RLIN) 143319
650 #4 - PUNTO DE ACCESO ADICIONAL DE MATERIA--TÉRMINO DE MATERIA
Término de materia o nombre geográfico como elemento de entrada Establecimientos penitenciarios-
Subdivisión geográfica Italia.
9 (RLIN) 141897
852 ## - LOCALIZACIÓN
Ubicación ES-MaACL
Número de control de estantería D-221(18)
Nota libre - Forma parte de la col. facticia: "Estudios penitenciarios"
-- . - Donativo Lastres
Holdings
Estatus retirado Estado de pérdida Estado de daño No para préstamo Colección Biblioteca de origen Biblioteca actual Ubicación en estantería Fecha de adquisición Fuente de adquisición Total de préstamos Signatura topográfica completa Código de barras Visto por última vez Precio de reemplazo Tipo de ítem Koha
        Libros del s. XIX Biblioteca del Ateneo de Madrid Biblioteca del Ateneo de Madrid Sala Valle Inclán 16/05/2019     D-221(18) 901200523 23/02/2023 23/02/2023 Libro impreso antiguo